|
|
|
|
| LEADER |
01069nam a2200277 a 4500 |
| 001 |
GR-Patra635 |
| 008 |
991022s1986 gr 000 0 gre d |
| 040 |
|
|
|a GrPaTEI
|b gre
|c GR-PaULI
|
| 245 |
0 |
2 |
|a Ο Ράϊχ για αρχάριους :
|b εικονογραφημένο.
|
| 260 |
|
|
|a Θεσσαλονίκη :
|b Επιλογή,
|c 1986
|
| 300 |
|
|
|a 175σ. :
|b εικ.
|
| 650 |
|
0 |
|a REICH, WILHELM
|
| 650 |
|
0 |
|a REICH, WILHELM
|
| 650 |
|
4 |
|a Ψυχανάλυση
|
| 650 |
|
4 |
|a ΨΥΧΑΝΑΛΥΤΙΚΑ ΣΥΣΤΗΜΑΤΑ
|
| 650 |
|
4 |
|a Ψυχολογία
|
| 650 |
|
4 |
|a Ψυχολογία
|
| 653 |
|
|
|a ΨΥΧΑΝΑΛΥΣΗ - ΣΥΣΤΗΜΑΤΑ
|
| 700 |
1 |
|
|a Gonzales, German
|
| 700 |
1 |
|
|a Mairowitz, David Z.
|
| 700 |
1 |
|
|a Αβραμίδης, Γιάννης
|
| 710 |
0 |
|
|a Επιλογή
|
| 942 |
|
|
|2 ddc
|
| 952 |
|
|
|0 0
|1 1
|2 ddc
|4 0
|6 150_198000000000000_MAI
|7 0
|9 281580
|a LISK
|b LISK
|d 2021-01-17
|e 24
|f 0
|g 0.00
|l 0
|o 150.198 MAI
|p 9241002363
|r 2021-01-17 00:00:00
|t 1
|v 2021.00
|w 2021-01-17
|y BK15
|x 19991024 0 1
|x GrPaTEI
|
| 971 |
|
|
|a .b26481315
|b 16-04-20
|c 23-09-16
|
| 999 |
|
|
|c 163912
|d 163912
|